000 00700nam a2200241Ia 4500
003 OSt
005 20221006155343.0
006 a|||||r|||| 00| 0
007 ta
008 221006b |||||||| |||| 00| 0 eng d
024 _a41,736
037 _cSeries Articles
040 _aEASL
_cEASL
_beng
041 _2eng
_aeng
100 _aKamat Manjiri
_9668945
245 0 _aDisciplining sholapur
_bThe industrial city and its workers in the period of the congress ministry,1937-1939
260 _aCambridge
_bCambridge University Press UK
_c2010
300 _a99-120
_ccm.
490 _v44
650 _aIndustries
942 _cREF
_2CC
999 _c1109822
_d1109822